1909 1503 1439 1507 1542 1068 1458 1038 1042 1300 1803 1800 1301 1403 1028 1405 1918 1694 1220 1027 1169 1301 1352 1951 1487 1945 1190 1014 1998 1603 1219 1963 1917 1493 1859 1899 1616 1654 1540 1363 1856 1316 1052 1538 1749 1075 1148 1104 1696 1201 1118 1581 1300 1703 1840 1866 1374 1742 1513 1476 1420 1229 1591 1633 1932 1841 1935 1784 1658 1073 1553 1193 1122 1352 1214 1898 1380 1203 1461 1257 1671 1443 1521 1840 1714 1676 1854 1193 1803 1612 1374 1652 1636 1725 1691 1491 1081 1968 1162 BCNSPRNW ULIB Ver.6.0+V

เปลี่ยนเป็นภาษาไทย

Change to English
 แสดงรายละเอียดบรรณานุกรม
  กลับหน้าหลัก

Brief Record : Get Marc (ISO 2709) : E-mail record : QR code < ปิดหน้าต่าง
LEADER : 00000nam 2200000uu 4500
001    13399111906
003     ULIB
008    110712s2553||||th 000 0 tha d
020    9746435469(ล.1)
060  4 WY106^bม246อ ล1
110 1  มหาวิทยาลัยสุโขทัยธรรมาธิราช^bสาขาวิชาพยาบาลศาสตร์
245 00 เอกสารการสอนชุดวิชา การพยาบาลชุมชนและการรักษาพยาบาลเบื้องต้น หน่วยที่1-7=^bCommunity nursing and primary medical care/^cมหาวิทยาลัยสุโขทัยธรรมาธิราช
246 0  Community nursing and primary medical care
250    พิมพ์ครั้งที่ 11
260    นนทบุรี:^bศูนย์หนังสือมหาวิทยาลัยสุโขทัยธรรมาธิราช,^c2553
300    600 หน้า
945    ^p245^l0^i030798
945    ^p245^l0^i030799
945    ^p245^l0^i030800
995    กัณชพร
999    ^aใช้งานได้ทุกระบบ
รายการนี้ยังไม่มีแท็ก
คุณยังไม่ได้ล็อกอิน คุณสามารถมีกิจกรรมร่วมกับเว็บไซต์ได้ แต่ต้องล็อกอินก่อน ::
  ล็อกอิน

รายการสื่อสารสนเทศ

ลำดับที่ ประเภท เลขเรียก/บาร์โค้ด สถานที่ สถานะ
1. วิทยาศาสตร์การแพทย์ และสุขภาพ
วิทยาศาสตร์การแพทย์ และสุขภาพ
WY106 ม246อ ล1 ฉ.3 
  Barcode: 030798
ห้องสมุดวิทยาเขตสวรรค์ประชารักษ์
►ส่วนจัดเก็บหนังสือเก่า สปร
บนชั้น
  ขอยืม
2. วิทยาศาสตร์การแพทย์ และสุขภาพ
วิทยาศาสตร์การแพทย์ และสุขภาพ
WY106 ม246อ ล1 ฉ.4 
  Barcode: 030799
ห้องสมุดวิทยาเขตสวรรค์ประชารักษ์
►ส่วนจัดเก็บหนังสือเก่า สปร
บนชั้น
  ขอยืม
3. วิทยาศาสตร์การแพทย์ และสุขภาพ
วิทยาศาสตร์การแพทย์ และสุขภาพ
WY106 ม246อ ล1 ฉ.5 
  Barcode: 030800
ห้องสมุดวิทยาเขตสวรรค์ประชารักษ์
►ส่วนจัดเก็บหนังสือเก่า สปร
บนชั้น
  ขอยืม

BibComment


ยังไม่เคยถูกคอมเมนท์

คอมเมนท์ทรัพยากรรายการนี้
  คอมเมนท์: เอกสารการสอนชุดวิ..


 Copyright 2026. Bcnsprnw @Library